Movies Quiz

Random Movies or Actor Quiz

1990s Movie Casts Bonanza Quiz Stats

 Plays Quiz Updated Dec 14, 2013

Support Sporcle.
Go Orange.
Score 0/20 Timer 08:00
0 Plays Today
% Correct
???
87.1%
???
86.4%
???
86.4%
???
85.1%
???
82.4%
???
81.8%
???
81.6%
???
81.1%
???
80.8%
???
78.7%
% Correct
???
77.2%
???
76.5%
???
72.7%
???
72.4%
???
72.4%
???
67.9%
???
63%
???
62.8%
???
34.6%
???
33.5%

From the Vault

Criteria NFL Quarterbacks

by sonofwil55

Sports 7m
Don't try to click any of these quarterbacks after the quiz is over, or you will definitely get flagged.
Remove Ads.
Support Sporcle.
Get the best of Sporcle when you Go Orange. This ad-free experience offers more features, more stats, and more fun while also helping to support Sporcle. Thank you for becoming a member.

Show Comments

Extras

Top Quizzes Today


Score Distribution

Your Account Isn't Verified!

In order to create a playlist on Sporcle, you need to verify the email address you used during registration. Go to your Sporcle Settings to finish the process.

Report this User

Report this user for behavior that violates our Community Guidelines.

Details: